Sistema de información Web de evaluación de Competitividad Empresarial de CPML
El estudio consiste en el desarrollo e implementación de un sistema de información web de evaluación y competitividad empresarial, el sistema web brindará una gran cantidad de beneficios tales como manejo de carga de trabajo para los capacitadores, reducción de costes de papelería entre otros....
| Main Authors: | , , |
|---|---|
| Other Authors: | |
| Format: | Tesis Section = Libro |
| Language: | Undetermined Spanish |
| Published: |
Managua
UNI
2013
|
| Subjects: |
| LEADER | 01234nam a2200265Ia 4500 | ||
|---|---|---|---|
| 008 | 240830s9999 xx 000 0 und d | ||
| 040 | |a BIBLIOTECA-RUPAP Mon 658.05 M385 | ||
| 041 | |a spa | ||
| 082 | |a Mon 658.05 M385 | ||
| 100 | 1 | |a Martínez Galán, Miguel Antoni | |
| 100 | 1 | |b Almanza Gaitán, David Agustín. | |
| 100 | 1 | |c Mendieta Alemán, Kenny Jair | |
| 245 | 1 | 0 | |a Sistema de información Web de evaluación de Competitividad Empresarial de CPML |
| 260 | |a Managua |b UNI |c 2013 | ||
| 300 | |a 121 p. :il. | ||
| 500 | |a Contiene: anexos e Incluye: CD. | ||
| 502 | |a Tesis (Ingeniero de Sistemas)- UNI, 2013. | ||
| 520 | 3 | |a El estudio consiste en el desarrollo e implementación de un sistema de información web de evaluación y competitividad empresarial, el sistema web brindará una gran cantidad de beneficios tales como manejo de carga de trabajo para los capacitadores, reducción de costes de papelería entre otros. | |
| 650 | 7 | |a SISTEMA DE INFORMACION - WEB - PROCESAMIENTO DE DATOS | |
| 650 | 7 | |b SISTEMA DE INFORMACION - WEB BASE DE DATOS | |
| 650 | 7 | |c DESARROLLO - ANALISIS Y DISEÑO - SITIO WEB. | |
| 700 | 1 | |a Tutor: |b Lacayo Cruz, Patricia del Carmen | |
| 942 | |c BK |2 ddc | ||
| 991 | |a TESIS | ||
| 999 | |c 16830 | ||